书目信息 |
| 题名: |
项目管理与Microsoft Project 2002
|
|
| 作者: | ;中蓝工作室 编著 | |
| 分册: | ||
| 出版信息: | 北京 科学出版社 2003 |
|
| 页数: | 222页 | |
| 开本: | 26cm | |
| 丛书名: | ||
| 单 册: | ||
| 中图分类: | F224.5 , TP319:F224.5 | |
| 科图分类: | ||
| 主题词: | 项目管理--应用软件 , 项目管理 , 应用软件 | |
| 电子资源: | ||
| ISBN: | 7-03-012201-1 | |
| 000 | 00833nam0 2200253 450 | |
| 001 | 002471267 | |
| 005 | 20050120085612.55 | |
| 010 | @a7-03-012201-1@dCNY 22.00 | |
| 100 | @a20031010d2003 em y0chiy0110 ea | |
| 101 | 0 | @achi |
| 102 | @aCN@b110000 | |
| 105 | @ay z 000yy | |
| 200 | 1 | @a项目管理与Microsoft Project 2002@9xiang mu guan li yu Microsoft Project 2002@f中蓝工作室编著 |
| 210 | @a北京@c科学出版社@d2003 | |
| 215 | @a222页@d26cm | |
| 330 | @a本书在讲述项目管理理论知识的基础上,讲解Project2002的使用技巧,涵盖其基本操作,项目计划,资源与成本,项目的控制与优化等。 | |
| 606 | 0 | @a项目管理@x应用软件 |
| 606 | 0 | @a项目管理 |
| 606 | 0 | @a应用软件 |
| 690 | @aF224.5@v4 | |
| 690 | @aTP319:F224.5@v4 | |
| 711 | 02 | @a中蓝工作室@9zhong lan gong zuo shi@4编著 |
| 801 | 0 | @aCN@bNLC@c20050120 |
| 905 | @a10447@dF224.5@eZ679 | |
| 项目管理与Microsoft Project 2002/中蓝工作室编著.-北京:科学出版社,2003 |
| 222页;26cm |
| ISBN 7-03-012201-1:CNY 22.00 |
| 本书在讲述项目管理理论知识的基础上,讲解Project2002的使用技巧,涵盖其基本操作,项目计划,资源与成本,项目的控制与优化等。 |
| ● |
| 相关链接 |
|
|
|
正题名:项目管理与Microsoft Project 2002
索取号:F224.5/Z679
 
预约/预借
| 序号 | 登录号 | 条形码 | 馆藏地/架位号 | 状态 | 备注 |
| 1 | 439328 | 204393281 | 社科库409/409社科库 73排4列4层/ [索取号:F224.5/Z679] | 在馆 |